Una Propuesta de reforma del sistema electoral / Javier Torres Vela
Descripción Física:
15 p. ; 21 cm
Materias:
Eleccions locals
MARC
| LEADER | 00000nam a2200000Ia 4500 | ||
|---|---|---|---|
| 001 | 15309 | ||
| 008 | 160829s2003 xx 000 0 cat d | ||
| 080 | |a FU-36-12 | ||
| 100 | |a Torres Vela, Javier |9 32464 | ||
| 245 | |a Una Propuesta de reforma del sistema electoral / Javier Torres Vela | ||
| 260 | |a Barcelona : |b Institut de Ciències Polítiques i Socials, |c 2003 | ||
| 300 | |a 15 p. ; |c 21 cm | ||
| 490 | |a Working papers / Institut de Ciències Polítiques i Socials ; 217 | ||
| 590 | |a Bibliografia | ||
| 650 | 0 | |a Eleccions locals |9 32465 | |
| 710 | 2 | |a Institut de Ciències Polítiques i Socials (Barcelona, Catalunya) |9 55871 | |
| 901 | |a Arxiu | ||
| 942 | |n 1 | ||
| 952 | |0 0 |1 0 |4 0 |6 FU3612 |7 1 |9 45992 |a Arxiu |b Arxiu |d 2016-12-01 |l 0 |o FU-36-12 |p 15309 |r 2016-12-01 00:00:00 |w 2016-12-01 |y ARXIU | ||
| 999 | |c 49493 |d 49493 | ||